| 000 | 01603cam a22002174a 4500 | ||
|---|---|---|---|
| 005 | 20250605163534.0 | ||
| 008 | 250528s ||||||||||||||||||||||||d | ||
| 035 | _a21351 | ||
| 020 | _a9789603518150 | ||
| 040 |
_aGR-AtMCL _bgre _dGR-AtMCL _eAACR2 |
||
| 245 | 1 | _aMarketing Plans / Πώς να Σχεδιάζετε Αποτελεσματικά Προγράμματα Μάρκετινγκ | |
| 250 | _a1η | ||
| 260 |
_bΣταμούλης, _c2010 |
||
| 300 | _a368 | ||
| 520 | _aΈνας πρακτικός οδηγός που περιγράφει βήμα προς βήμα τη διαδικασία καθώς και τις μεθόδους που πρέπει να ακολουθούνται για την κατάρτιση αποτελεσματικών προγραμμάτων μάρκετινγκ. Εισαγωγικές Εννοιες, Ανάλυση του Εσωτερικού Περιβάλλοντος, Ανάλυση του Εξωτερικού Περιβάλλοντος, Αξιολόγηση Προιοντικού Χαρτοφυλακίου και Ανάλυση S.W.O.T., Επιλογή Αγορών-Στόχων, Καθορισμός Στόχων και Στρατηγικής Μάρκετινγκ, Σχέδιο Δράσης, Προϋπολογισμός και Πρόγραμμα Εκτάκτου Ανάγκης και Έλεγχος Προγράμματος Μάρκετινγκ, Βιβλιογραφία. | ||
| 700 | 1 | _aΑυλωνίτης Γεώργιος Ι | |
| 700 | 1 | _aΠαπασταθοπούλου Πολίνα | |
| 942 | _cBK | ||
| 999 |
_c6416 _d6416 |
||